Vista normal Vista MARC
  • Morales, Leidy C.

Entrada Nombre personal

Número de registros utilizados en: 1

001 - NÚMERO DE CONTROL

  • campo de control: 48565

003 - IDENTIFICADOR DEL NÚMERO DE CONTROL

  • campo de control: OSt

005 - FECHA Y HORA DE LA ÚLTIMA TRANSACCIÓN

  • campo de control: 20200602063943.0

008 - DATOS DE LONGITUD FIJA

  • campo de control de longitud fija: 200602|| aca||aabn | a|a d

040 ## - FUENTE DE LA CATALOGACIÓN

  • Centro catalogador/agencia de origen: OSt
  • Centro/agencia transcriptor: OSt

100 ## - ENCABEZAMIENTO-NOMBRE DE PERSONA

  • Nombre de persona: Morales, Leidy C.

670 ## - FUENTE DE DATOS ENCONTRADOS

  • Cita de la fuente: Work cat.: (OSt)26558: Morales, Leidy C., Experiencias en el manejo integrado de la pudrición del cogollo (PC) de la palma de aceite, en la Zona Central Colombiana, 2009